LIBRARY ONLINE CATALOGUE

Factors influencing financial performance of the food and beverages sector in Nakuru county, Kenya (Record no. 18721)

MARC details
000 -LEADER
fixed length control field 00436nam a22001217a 4500
008 - FIXED-LENGTH DATA ELEMENTS--GENERAL INFORMATION
fixed length control field 210121b xxu||||| |||| 00| 0 eng d
050 ## - LIBRARY OF CONGRESS CALL NUMBER
Classification number GMF0178
Item number .C44 2018 c.1
100 ## - MAIN ENTRY--PERSONAL NAME
Personal name Chepkorir, Vineeta
245 ## - TITLE STATEMENT
Title Factors influencing financial performance of the food and beverages sector in Nakuru county, Kenya
Statement of responsibility, etc. Vineeta Chepkorir
260 ## - PUBLICATION, DISTRIBUTION, ETC. (IMPRINT)
Place of publication, distribution, etc. Kabarak, Nakuru, Kenya
Name of publisher, distributor, etc. Kabarak University
Date of publication, distribution, etc. 2018
300 ## - PHYSICAL DESCRIPTION
Extent 83 leaves
942 ## - ADDED ENTRY ELEMENTS (KOHA)
Source of classification or shelving scheme Library of Congress Classification
Koha item type Thesis, Dissertation and Projecs
Holdings
Withdrawn status Lost status Source of classification or shelving scheme Not for loan Home library Current library Date acquired Total Checkouts Full call number Barcode Date last seen Price effective from Koha item type
    Library of Congress Classification   Kabarak, Main Campus Kabarak, Main Campus 21/01/2021   GMF0178 .C44 2018 c.1 029501 21/01/2021 21/01/2021 Thesis, Dissertation and Projecs
    Library of Congress Classification   Kabarak, Main Campus Kabarak, Main Campus 21/01/2021   GMF0178 .C44 2018 c.2 029502 21/01/2021 21/01/2021 Thesis, Dissertation and Projecs